000 00826nam a2200217 i 4500
001 60757
003 ES-MaACL
005 20250730063108.0
007 t|
008 031106m19651967sp |||| | spa d
100 1 _aEstornés Lasa, Bernardo,
_d1907-1999
_948183
245 1 0 _aOrígenes de los vascos /
_cBernanrdo Estornes Lasa.
260 _aSan Sebastián :
_bAuñamendi,
_c1965-1967.
300 _a3 v. :
_bil. ;
_c25 cm.
500 _aFalta el t.3.
505 8 _aContiene: I ;
_tCivilizaciones primitivas: albores históricos - III ;
_tEl nombre étnico: la huella de los vascos primitivos por el mundo - IV ;
_tMensajes orales de las generaciones pasadas
650 0 4 _aVascos-
_xHistoria.
_917744
650 4 _aLengua vasca-
_xHistoria.
_9154956
852 _aES-MaACL
_jP-212-Ter
999 _c60757
_d60757